[Event "Tourn. n8420"]
[Site "www.chess-mail.com"]
[Date "2015.11.27"]
[Round "1"]
[White "Ochoreales"]
[Black "Fkarpov"]
[WhiteElo "2090"]
[BlackElo "2080"]
[Result "0-1"]
[Round "1"]
1.e4 c5
2.Ng1f3 Nb8c6
3.d4 cxd4
4.Nf3xd4 Qd8b6
5.Nd4b3 Ng8f6
6.Nb1c3 e5
7.Bc1e3 Qb6b4
8.Bf1e2 Nf6xe4
9.O-O Ne4xc3
10.bxc3 Qb4xc3
11.Be3d2 Qc3b2
12.a3 e4
{ resign }
0-1

[Event "Tourn. n8476"]
[Site "www.chess-mail.com"]
[Date "2015.11.27"]
[Round "1"]
[White "Dulap"]
[Black "Neo"]
[WhiteElo "1730"]
[BlackElo "1860"]
[Result "0-1"]
[Round "1"]
1.e4 e5
2.Ng1f3 d6
3.d4 f6
4.dxe5 fxe5
5.Nb1c3 b6
6.Bf1b5 Bc8d7
7.Bb5xd7 Qd8xd7
8.Bc1g5 h6
9.Bg5h4 Nb8c6
10.O-O g5
11.Bh4g3 O-O-O
12.Qd1e2 Kb8
13.Rf1d1 Bf8g7
14.a3 Nc6d4
15.Nf3xd4 exd4
16.Nc3d5 Ng8e7
17.Nd5xe7 Qd7xe7
18.a4 a5
19.b4 axb4
20.a5 d3
21.Qe2e3 Bg7xa1
22.Rd1xa1 bxa5
23.Ra1xa5 c5
24.Ra5xc5 Rd8c8
25.Rc5b5 Kc7
26.Bg3xd6 Qe7xd6
27.Qe3a7 Kd8
28.Rb5d5 Qd6xd5
{ resign }
0-1

[Event "Tourn. n8410"]
[Site "www.chess-mail.com"]
[Date "2015.11.27"]
[Round "1"]
[White "Orhany24"]
[Black "Xkafi"]
[WhiteElo "2030"]
[BlackElo "2030"]
[Result "1-0"]
[Round "1"]
1.e4 e5
2.Ng1f3 Qd8f6
3.c3 Nb8c6
4.d4 exd4
5.cxd4 b6
6.Nb1c3 Bf8b4
7.Bc1g5 Qf6g6
8.Bf1d3 Nc6xd4
9.Bg5e3 Qg6xg2
10.Be3xd4 Qg2xh1
11.Ke2 Qh1g2
12.Qd1b3 c5
13.Ra1g1 Qg2h3
14.Bd4xg7 d6
15.Rg1g3 Qh3e6
16.Bd3b5 Bc8d7
17.Qb3xe6 fxe6
18.Bg7xh8 Bd7xb5
19.Nc3xb5 Kd7
20.Bh8c3 a6
21.Bc3xb4 axb5
22.Bb4c3 Ng8e7
23.Rg3g7 h6
24.Bc3f6 Ra8e8
25.Rg7h7 c4
26.Bf6xe7 Re8xe7
27.Rh7xh6 Re7g7
28.h4 b4
29.Nf3d4 e5
30.Nd4f5 Rg7g4
31.Nf5xd6 Kc7
32.Nd6xc4 Rg4xe4
33.Nc4e3 { resign }
1-0

[Event "Tourn. n8402"]
[Site "www.chess-mail.com"]
[Date "2015.11.27"]
[Round "1"]
[White "Daquata"]
[Black "Relaxmax"]
[WhiteElo "1900"]
[BlackElo "1669"]
[Result "0-1"]
[Round "1"]
1.e4 c6
2.d4 d5
3.Nb1c3 dxe4
4.Nc3xe4 Bc8f5
5.Ne4g3 Bf5g6
6.Ng1f3 Nb8d7
7.h4 h6
8.h5 Bg6h7
9.Bf1d3 Bh7xd3
10.Qd1xd3 e6
11.Bc1d2 Ng8f6
12.O-O-O Bf8e7
13.Ng3e4 Nf6xe4
14.Qd3xe4 Nd7f6
15.Qe4e2 Qd8d5
 { time }
0-1

[Event "Tourn. n8419"]
[Site "www.chess-mail.com"]
[Date "2015.11.27"]
[Round "1"]
[White "Xkafi"]
[Black "Maredocla"]
[WhiteElo "2000"]
[BlackElo "2020"]
[Result "0-1"]
[Round "1"]
1.e4 c5
2.Bf1c4 Nb8c6
3.c3 g6
4.Qd1f3 Nc6e5
5.Qf3e2 Bf8g7
6.Bc4b3 Ng8f6
7.d3 d6
8.h3 O-O
9.g4 h6
10.f4 Ne5c6
11.Ng1f3 a6
12.Nf3h4 e6
13.Nh4f3 b5
14.g5 Nf6h7
15.gxh6 Bg7xh6
16.Rh1g1 Nc6a5
17.Bb3c2 Bc8b7
18.Bc1e3 Ra8c8
19.Nb1d2 Qd8d7
20.O-O-O c4
21.dxc4 Na5xc4
22.Nd2xc4 bxc4
23.Nf3e5 Qd7c7
24.Ne5g4 Bh6g7
25.f5 exf5
26.exf5 a5
27.Ng4h6 Kh8
28.fxg6 fxg6
29.Bc2xg6 Bb7f3
30.Qe2c2 Bf3xd1
31.Kxd1 Bg7e5
32.Nh6g4 Rc8d8
33.Be3h6 Rf8f3
34.Ke2 Rf3xh3
35.Qc2f5 Qc7e7
36.Bh6e3 Rd8f8
37.Ng4f6 Rh3xe3
38.Kxe3 Rf8xf6
39.Qf5c8 Rf6f8
40.Qc8xc4 Be5h2
41.Kd3 Bh2xg1
{ resign }
0-1

[Event "Tourn. n8385"]
[Site "www.chess-mail.com"]
[Date "2015.11.27"]
[Round "1"]
[White "Obisporey"]
[Black "Capitaine"]
[WhiteElo "2630"]
[BlackElo "2380"]
[Result "1-0"]
[Round "1"]
1.e4 c5
2.Ng1f3 d6
3.d4 cxd4
4.Nf3xd4 Ng8f6
5.Nb1c3 g6
6.Bc1e3 Bf8g7
7.f3 O-O
8.Qd1d2 Nb8c6
9.O-O-O Nc6xd4
10.Be3xd4 Bc8e6
11.Kb1 Ra8c8
12.g4 Qd8a5
13.Nc3d5 Qa5xd2
14.Nd5xe7 Kh8
15.Rd1xd2 Rc8c7
16.Bd4xf6 Bg7xf6
17.Ne7d5 Be6xd5
18.Rd2xd5 Bf6e5
19.h4 Rf8c8
20.c3 h6
21.Bf1e2 Kg7
22.Be2d1 Rc7c5
23.Bd1b3 Rc5xd5
24.Bb3xd5 b6
25.a4 Rc8c7
26.Kc2 Rc7c5
27.c4 a5
28.b3 Be5g3
29.Kd3 Bg3f4
30.Rh1b1 g5
31.h5 f6
32.b4 Rc5c7
33.bxa5 bxa5
34.Rb1b8 Rc7a7
35.Rb8g8 Kh7
36.Rg8b8 Kg7
37.Rb8g8 Kh7
38.Rg8g6 Bf4e5
39.Bd5g8 Kh8
40.Bg8e6 Ra7b7
41.Rg6xh6 Kg7
42.Rh6g6 Kh7
43.Rg6g8 Rb7b3
44.Kc2 Rb3a3
45.Rg8a8 Ra3xa4
46.Be6f5 Kg7
47.h6 Kf7
48.Ra8a7 Kf8
49.h7 { resign }
1-0

[Event "Tourn. n8347"]
[Site "www.chess-mail.com"]
[Date "2015.11.27"]
[Round "1"]
[White "Panamski"]
[Black "Falcoale"]
[WhiteElo "2080"]
[BlackElo "1910"]
[Result "1/2-1/2"]
[Round "1"]
1.e4 c5
2.Ng1f3 Nb8c6
3.Bf1b5 Qd8c7
4.Bb5xc6 Qc7xc6
5.Nb1c3 e6
6.O-O Ng8f6
7.e5 Nf6d5
8.Nc3xd5 Qc6xd5
9.Rf1e1 b6
10.d4 Bf8e7
11.b3 Bc8b7
12.c4 Qd5c6
13.Bc1b2 cxd4
14.Qd1xd4 O-O
15.Ra1d1 Rf8d8
16.Qd4g4 a6
17.h4 Rd8f8
18.Rd1d3 Ra8d8
19.Nf3d4 Qc6c8
20.Rd3g3 g6
21.h5 Rf8e8
22.hxg6 fxg6
23.Nd4f3 Bb7xf3
24.gxf3 Re8f8
25.Kg2 Rf8f5
26.f4 Rd8f8
27.Bb2c1 Qc8b7
28.f3 Rf8f7
29.Re1h1 d6
30.Rh1h5 dxe5
31.Rh5xf5 exf5
32.Qg4h3 exf4
33.Bc1xf4 Qb7d7
34.Kh2 Qd7d8
35.Rg3g2 Be7d6
36.Bf4xd6 Qd8xd6
37.Kh1 Rf7e7
38.Qh3g3 Qd6xg3
39.Rg2xg3 Re7e1
40.Rg3g1 Re1xg1
41.Kxg1 Kf7
42.Kf2 Ke6
43.Ke3 h5
44.f4 Kd6
45.b4 Kc6
46.a3 a5
47.Kf3 axb4
48.axb4 b5
49.c5 Kd5
50.Kg3 Kc6
51.Kh4 { draw }
1/2-1/2

[Event "Tourn. n8435"]
[Site "www.chess-mail.com"]
[Date "2015.11.27"]
[Round "1"]
[White "Osmundw"]
[Black "Passaroa25"]
[WhiteElo "1639"]
[BlackElo "1660"]
[Result "0-1"]
[Round "1"]
1.e4 c6
2.Bf1d3 e6
3.e5 d5
4.b3 Nb8d7
5.Qd1e2 Qd8g5
6.Ng1f3 Qg5e7
7.Bc1a3 Nd7c5
8.b4 Nc5a4
9.c3 Na4b6
10.b5 c5
11.c4 d4
12.Qe2e4 Nb6d7
13.Nf3g5 Qe7xg5
14.g4 Nd7xe5
15.f4 Qg5xg4
16.Rh1g1 Ne5f3
17.Qe4xf3 Qg4xf3
18.Bd3e2 Qf3xf4
19.Rg1g4 Qf4xh2
20.Rg4h4 Qh2xh4
21.Kd1 b6
22.Be2f3 Ra8b8
23.Bf3c6 Bc8d7
24.Ba3xc5 Bf8xc5
25.d3 Bd7xc6
26.bxc6 Qh4h1
27.Kc2 Qh1xc6
28.Nb1d2 Qc6a4
29.Kb2 Bc5a3
{ resign }
0-1

[Event "Tourn. n8481"]
[Site "www.chess-mail.com"]
[Date "2015.11.27"]
[Round "1"]
[White "Umzi"]
[Black "Luban"]
[WhiteElo "2160"]
[BlackElo "2020"]
[Result "1-0"]
[Round "1"]
1.d4 d5
2.c4 c6
3.e3 g6
4.Ng1f3 Bf8g7
5.Nb1c3 Bc8g4
6.h3 Bg4xf3
7.Qd1xf3 dxc4
8.Bf1xc4 e6
9.O-O Nb8d7
10.Bc1d2 Nd7b6
11.Bc4b3 Ng8e7
12.Nc3e4 O-O
13.Ra1d1 Nb6d5
14.Ne4c3 Ne7f5
15.Nc3xd5 exd5
16.Bb3c2 Nf5d6
17.b3 f5
18.Bd2b4 Rf8e8
19.Qf3f4 Nd6e4
20.f3 Ne4f6
21.Rd1e1 Nf6h5
22.Qf4h2 Qd8g5
23.f4 Qg5g3
24.Rf1f3 Qg3xh2
25.Kxh2 Re8e6
26.g4 Nh5f6
27.gxf5 gxf5
28.Bc2xf5 Re6e8
29.Re1g1 Nf6e4
30.Bf5xe4 { resign }
1-0

[Event "Match"]
[Site "www.echecsemail.com"]
[Date "2015.11.27"]
[Round "1"]
[White "Gmscalpel"]
[Black "Krystek23"]
[WhiteElo "2400"]
[BlackElo "2340"]
[Result "1-0"]
[Round "1"]
1.d4 Ng8f6
2.h3 c6
3.f4 d6
4.g4 h6
5.f5 e6
6.Qd1d3 exf5
7.Qd3xf5 Bc8xf5
8.gxf5 Bf8e7
9.c4 Nb8d7
10.Kd2 Nf6e4
11.Kd3 d5
12.c5  { time }
1-0

[Event "Match"]
[Site "www.echecsemail.com"]
[Date "2015.11.27"]
[Round "1"]
[White "Rindrandria"]
[Black "Ranjachess"]
[WhiteElo "1600"]
[BlackElo "1680"]
[Result "0-1"]
[Round "1"]
1.e4 Nb8c6
2.d4 d5
3.e5 Bc8f5
4.Bf1d3 e6
5.h3 Nc6xd4
6.c3 Nd4c6
7.Bd3b5 Qd8d7
8.Bc1e3 a6
9.Bb5xc6 Qd7xc6
10.Ng1f3 O-O-O
11.Nf3g5 Bf5g6
12.Nb1d2 f6
13.Ng5f3 fxe5
14.Nf3xe5 Qc6e8
15.Qd1f3 Bf8d6
16.Be3d4 Ng8f6
17.Qf3e3 c5
18.Bd4xc5 Bd6xe5
19.Qe3xe5 Nf6d7
20.Qe5d6 e5
21.Bc5a7 Bg6f7
22.Ra1c1 h5
23.Qd6b4 Rh8h6
24.Nd2b3 b6
25.Ba7xb6 Nd7xb6
26.Nb3c5 Qe8b5
27.a4 Qb5c6
28.Nc5xa6 Nb6xa4
29.Qb4b8 Kd7
30.Qb8a7 Ke8
31.Na6c7 Kf8
32.Rc1a1 Rd8c8
33.Nc7a6 d4
34.O-O Rh6g6
35.g3 Qc6b5
36.Na6b4 dxc3
37.Ra1xa4 cxb2
38.Nb4a2 b1Q
39.Rf1xb1 Qb5xb1
40.Kh2 Bf7d5
41.f3 Rc8c2
{ resign }
0-1

[Event "Match"]
[Site "www.echecsemail.com"]
[Date "2015.11.27"]
[Round "1"]
[White "Carlosto"]
[Black "Jeiroa"]
[WhiteElo "1450"]
[BlackElo "1659"]
[Result "1-0"]
[Round "1"]
1.d4 Nb8c6
2.Ng1f3 d6
3.e3 e5
4.c3 g5
5.Bf1b5 g4
6.d5 a6
7.Bb5a4 Bc8d7
8.dxc6 bxc6
9.Nf3d2 Ng8f6
10.O-O Nf6h5
11.f3 g3
12.h3 d5
13.f4 Qd8h4
14.Nd2f3 Qh4f6
15.Qd1b3 exf4
16.Qb3b7 Qf6d8
17.exf4 Bf8c5
18.Nf3d4 Ra8b8
19.Rf1e1 Kf8
20.Qb7xa6 Rb8a8
21.Qa6e2 Nh5xf4
22.Bc1xf4 Ra8xa4
23.Bf4h6 Kg8
24.b4 Bc5xd4
25.cxd4 Qd8h4
26.Qe2e8 Bd7xe8
27.Re1xe8 { resign }
1-0

[Event "Match"]
[Site "www.echecsemail.com"]
[Date "2015.11.27"]
[Round "1"]
[White "Krystek23"]
[Black "Gmscalpel"]
[WhiteElo "2340"]
[BlackElo "2400"]
[Result "0-1"]
[Round "1"]
1.Ng1f3 b6
2.Nb1c3 a5
3.g3 Ra8a6
4.e4 Ra6a7
5.d4 Ra7b7
6.Bf1g2 Nb8a6
7.a3 c5
8.d5 Ng8f6
9.e5 Nf6e4
10.Nc3xe4 e6
11.d6 f5
 { time }
0-1

[Event "Match"]
[Site "www.echecsemail.com"]
[Date "2015.11.27"]
[Round "1"]
[White "Canario"]
[Black "Coraza"]
[WhiteElo "1800"]
[BlackElo "1680"]
[Result "1-0"]
[Round "1"]
1.e4 e5
2.Ng1f3 Nb8c6
3.Nb1c3 Ng8f6
4.Bf1c4 h6
5.d4 Bf8b4
6.Bc1d2 exd4
7.Nc3d5 Nf6xd5
8.exd5 Qd8e7
9.Qd1e2 Bb4xd2
10.Nf3xd2 Qe7xe2
11.Bc4xe2 Nc6b4
12.Be2d1 O-O
13.O-O Nb4xd5
14.Bd1f3 Nd5b4
15.a3 Nb4a6
16.Ra1d1 c6
17.Nd2c4 d5
18.Nc4d6 Na6c5
19.Rd1xd4 Nc5e6
20.Rd4d1 b5
21.Rf1e1 a5
22.Nd6f5 Ne6c5
23.Nf5e7 Kh8
24.Ne7xc6 Nc5a4
25.b3 Na4b6
26.Nc6e7 Bc8e6
27.Ne7xd5 Be6xd5
28.Bf3xd5 Ra8c8
29.Bd5e4 Rf8e8
30.Be4d3 g6
31.Re1xe8 Kh7
32.Re8xc8 Nb6xc8
33.Bd3xb5 Nc8a7
34.Bb5c4 Kg7
35.Rd1d7 Na7c6
36.Rd7xf7 Kh8
37.Bc4d3 g5
38.Rf7h7 Kg8
39.Rh7xh6 { resign }
1-0

[Event "Match"]
[Site "www.echecsemail.com"]
[Date "2015.11.27"]
[Round "1"]
[White "Carlosto"]
[Black "Daviko"]
[WhiteElo "1490"]
[BlackElo "1570"]
[Result "0-1"]
[Round "1"]
1.d4 d5
2.c3 e6
3.e3 b5
4.Bf1xb5 c6
5.Bb5d3 c5
6.c4 dxc4
7.Bd3xc4 Qd8g5
8.Qd1f3 Nb8d7
9.Qf3xa8 Nd7b6
10.Qa8c6 Bc8d7
11.Qc6xc5 Bf8xc5
{ resign }
0-1

[Event "Match"]
[Site "www.echecsemail.com"]
[Date "2015.11.27"]
[Round "1"]
[White "Farmermike"]
[Black "Meadowman"]
[WhiteElo "1499"]
[BlackElo "1499"]
[Result "1-0"]
[Round "1"]
1.e4 e5
2.Bf1c4 d6
3.d4 f6
4.Ng1f3 Nb8d7
5.Nf3h4 Ng8e7
6.f4 a6
7.f5 g5
8.Qd1h5 Ne7g6
9.fxg6 Nd7b6
10.g7 { resign }
1-0

[Event "Match"]
[Site "www.echecsemail.com"]
[Date "2015.11.27"]
[Round "1"]
[White "Dulap"]
[Black "Pellix84"]
[WhiteElo "999"]
[BlackElo "2000"]
[Result "1-0"]
[Round "1"]
1.e4 c6
2.d4 d5
3.Nb1c3 g6
4.Ng1f3 dxe4
5.Nc3xe4 Bc8f5
6.Ne4g3 Bf5d7
7.Bf1e2 Bf8g7
8.O-O e6
9.Bc1g5 Qd8b6
10.Ra1b1 c5
11.dxc5 Qb6xc5
12.Bg5e3 Qc5c6
13.Rf1e1 Ng8e7
14.Nf3d4 Qc6a4
15.a3 Nb8c6
16.Be2b5 Qa4a5
17.Bb5xc6 Ne7xc6
18.Nd4xc6 Bd7xc6
19.Qd1e2 O-O
20.Qe2c4 Ra8c8
21.Qc4c5 Qa5a4
22.Qc5xa7 Qa4xc2
23.Re1c1 Qc2d3
24.Qa7a5 h5
25.Qa5d2 Rf8d8
26.Qd2xd3 Rd8xd3
27.b4 Rd3xa3
28.b5 Bc6d7
29.Rc1xc8 Bd7xc8
30.Ng3e4 b6
31.Be3xb6 Bc8b7
32.Ne4d6 Bb7d5
33.Bb6c7 Bg7e5
34.b6 Be5xd6
35.Bc7xd6 Ra3a6
36.Bd6c7 Bd5e4
37.Rb1c1 Be4b7
38.h3 f5
39.Rc1d1 Kf7
40.Rd1d7 Ke8
41.Rd7g7 Ra6a1
42.Kh2 Ra1a2
43.Rg7xg6 Kf7
44.Rg6g5 Ra2xf2
45.Kg1 Rf2b2
46.h4 f4
47.Bc7xf4 Rb2xb6
48.Rg5xh5 Rb6d6
49.Bf4xd6 { resign }
1-0

[Event "Match"]
[Site "www.echecsemail.com"]
[Date "2015.11.27"]
[Round "1"]
[White "Dulap"]
[Black "Susov"]
[WhiteElo "1730"]
[BlackElo "1860"]
[Result "0-1"]
[Round "1"]
1.e4 e5
2.Ng1f3 Nb8c6
3.Bf1c4 h6
4.d4 exd4
5.Nf3xd4 Qd8f6
6.Nd4xc6 Qf6xc6
7.Bc4d5 Qc6f6
8.O-O c6
9.Bd5b3 Bf8c5
10.Nb1c3 Ng8e7
11.Rf1e1 Bc5xf2
{ resign }
0-1

[Event "Match"]
[Site "www.echecsemail.com"]
[Date "2015.11.27"]
[Round "1"]
[White "Gambitmiau"]
[Black "Castletyme"]
[WhiteElo "1800"]
[BlackElo "1890"]
[Result "1-0"]
[Round "1"]
1.e4 e6
2.d4 d5
3.e5 Nb8c6
4.Bf1b5 Bc8d7
5.Ng1f3 h6
6.O-O Nc6e7
7.Nb1c3 Bd7xb5
8.Rf1e1 Bb5a6
9.b4 b6
10.b5 Ba6b7
11.a4 c6
12.Nf3h4 g5
13.Nh4f3 Ne7f5
14.h3 Ng8e7
15.Nf3h2 Ne7g6
16.Nh2f3 Bf8b4
17.Bc1d2 Bb4xc3
18.Bd2xc3 Qd8e7
19.Qd1d2 O-O-O
20.Bc3b4 Qe7e8
21.g4 Nf5g7
22.a5 bxa5
23.Ra1xa5 Kb8
24.Bb4c5 Kc7
25.Qd2b4 Kd7
26.Ra5xa7 Kc8
27.Re1a1 Ng6f4
28.b6 Nf4xh3
29.Kf1 h5
30.Ra7xb7 Kxb7
31.Ra1a7 { resign }
1-0

[Event "1/128 Finale"]
[Site "www.chess-mail.com"]
[Date "2015.11.27"]
[Round "1"]
[White "Hennie4820"]
[Black "Alexandrub"]
[WhiteElo "1970"]
[BlackElo "1499"]
[Result "1-0"]
[Round "1"]
1.e4 e5
2.Ng1f3 Nb8c6
3.Bf1c4 Ng8f6
4.d4 exd4
5.O-O Nf6xe4
6.Rf1e1 d5
7.Bc4xd5 Qd8xd5
8.Nb1c3 Qd5h5
9.Nc3xe4 Bf8e7
10.Bc1g5 Bc8g4
11.Bg5xe7 Nc6xe7
12.Qd1xd4 Bg4xf3
13.Qd4xg7 O-O-O
14.Ne4f6 Qh5c5
15.Qg7xf7 Rd8d2
16.Qf7e6 Kd8
17.Re1f1 Qc5g5
18.g3 Rd2d6
19.Nf6e4 Bf3xe4
20.Qe6xe4 Qg5d5
21.Qe4e2 Qd5d2
22.Qe2e5 Rh8e8
23.Rf1e1 Qd2xc2
24.Ra1c1 Qc2f5
25.Qe5e3 a6
26.Qe3a7 Qf5d5
27.Qa7b8  { time }
1-0

[Event "1/8 Finale"]
[Site "www.chess-mail.com"]
[Date "2015.11.27"]
[Round "1"]
[White "Manolinex"]
[Black "Obisporey"]
[WhiteElo "2870"]
[BlackElo "2600"]
[Result "1-0"]
[Round "1"]
1.g3 d5
2.Ng1f3 g6
3.Bf1g2 Bf8g7
4.c4 Ng8f6
5.cxd5 O-O
6.d4 Nf6xd5
7.O-O c5
8.e4 Nd5f6
9.e5 Nf6d7
10.e6 fxe6
11.Nf3g5 Qd8b6
12.dxc5 Nd7xc5
13.Nb1a3 Qb6b4
14.Ra1b1 Nb8c6
15.Bc1e3 Rf8d8
16.Qd1e2 Nc5d3
17.Na3c2 Qb4a5
18.a3 h6
19.b4 Qa5b5
20.Ng5e4 b6
21.a4 Qb5xa4
22.b5 Nc6e5
23.Ne4c3 Qa4c4
24.Bg2xa8 Qc4xc3
25.Nc2d4 Qc3c4
26.Nd4c6 Ne5xc6
27.bxc6 Nd3e5
28.Qe2xc4 Ne5xc4
29.Rf1d1 Rd8f8
30.c7 Nc4d6
31.Ba8c6 Rf8f5
32.Rd1d3 Rf5a5
33.Be3d2 Ra5a2
34.Bd2f4 Kh7
35.Bf4xd6 exd6
36.Rd3xd6 Ra2c2
37.Rd6d8 Rc2xc6
38.Rd8xc8 Bg7d4
39.Rc8d8 Bd4xf2
40.Kxf2 Rc6xc7
41.Rb1d1 { resign }
1-0

[Event "Tourn. n8493"]
[Site "www.chess-mail.com"]
[Date "2015.11.28"]
[Round "1"]
[White "Francesco"]
[Black "Mitja"]
[WhiteElo "1930"]
[BlackElo "1930"]
[Result "1-0"]
[Round "1"]
1.e4 d5
2.e5 e6
3.d4 c6
4.Bf1d3 h6
5.Ng1e2 Ng8e7
6.O-O Ne7g6
7.f4 f5
8.Nb1d2 Nb8d7
9.Rf1f2 b6
10.Nd2f1 Bc8b7
11.h3 Bf8e7
12.Nf1h2 O-O
13.g4 fxg4
14.Bd3xg6 { resign }
1-0

[Event "Tourn. n8455"]
[Site "www.chess-mail.com"]
[Date "2015.11.28"]
[Round "1"]
[White "Jjmcbride"]
[Black "Dulap"]
[WhiteElo "1690"]
[BlackElo "1619"]
[Result "0-1"]
[Round "1"]
1.d4 Ng8f6
2.f3 d5
3.Nb1c3 e6
4.e4 dxe4
5.Nc3xe4 Bf8e7
6.Bf1b5 Bc8d7
7.Qd1d3 O-O
8.Bc1e3 Nf6xe4
9.fxe4 Nb8c6
10.a3 a6
11.Bb5c4 b5
12.Bc4a2 Nc6a5
13.O-O-O Ra8c8
14.Ng1f3 c5
15.d5 exd5
16.Ba2xd5 Be7f6
17.e5 Bf6e7
18.h4 b4
 { time }
0-1

[Event "Tourn. n8460"]
[Site "www.chess-mail.com"]
[Date "2015.11.28"]
[Round "1"]
[White "Alexandrub"]
[Black "Dulap"]
[WhiteElo "1589"]
[BlackElo "1720"]
[Result "0-1"]
[Round "1"]
1.d4 Ng8f6
2.c4 e6
3.Ng1f3 b6
4.g3 Bc8b7
5.Bf1g2 Bf8b4
6.Bc1d2 Bb4xd2
7.Nb1xd2 d5
8.Nf3e5 Nb8d7
9.Nd2f3 Ra8b8
10.Qd1a4 a5
11.Nf3g5 O-O
12.O-O Nd7xe5
13.dxe5 Nf6d7
14.Bg2h3 Nd7xe5
 { time }
0-1

[Event "Tourn. n8408"]
[Site "www.chess-mail.com"]
[Date "2015.11.28"]
[Round "1"]
[White "Madz123456"]
[Black "Cathar"]
[WhiteElo "2370"]
[BlackElo "2260"]
[Result "1-0"]
[Round "1"]
1.e4 e6
2.d4 d5
3.Nb1c3 Bf8b4
4.e5 c5
5.a3 Bb4xc3
6.bxc3 Ng8e7
7.Qd1g4 O-O
8.Bf1d3 f5
9.Qg4g3 Qd8a5
10.Bc1d2 Qa5a4
11.Ng1f3 c4
12.Bd3e2 Qa4xc2
13.Ra1c1 Qc2b2
14.h4 Nb8c6
15.h5 Kh8
16.h6 g6
17.O-O Ne7g8
18.Rc1a1 Qb2b6
19.Rf1b1 Qb6c7
20.Bd2f4 Ra8b8
21.Qg3h2 b5
22.Bf4d2 a5
23.Rb1b2 Bc8d7
24.Qh2g3 Nc6a7
25.Qg3h4 Na7c8
26.Ra1b1 Nc8b6
27.Be2d1 Bd7c6
28.Nf3g5 Rb8e8
29.a4 Nb6xa4
30.Rb2xb5 Bc6xb5
31.Rb1xb5 Na4b6
32.Bd2c1 Qc7c6
33.Rb5xa5 Ng8e7
34.Ra5a7 Nb6c8
35.Bd1a4 { resign }
1-0

[Event "Tourn. n8440"]
[Site "www.chess-mail.com"]
[Date "2015.11.28"]
[Round "1"]
[White "Attatroll"]
[Black "Huw"]
[WhiteElo "2000"]
[BlackElo "2040"]
[Result "0-1"]
[Round "1"]
1.e4 c5
2.d4 cxd4
3.c3 dxc3
4.Nb1xc3 e6
5.Ng1f3 Nb8c6
6.Bf1c4 a6
7.O-O Ng8e7
8.Bc1f4 Ne7g6
9.Bf4g3 Bf8e7
10.Ra1c1 O-O
11.a3 b5
12.Bc4a2 Bc8b7
13.Bg3d6 Ra8c8
14.Nc3e2 Be7xd6
15.Qd1xd6 Qd8e7
16.Qd6g3 b4
17.h4 bxa3
18.bxa3 Qe7xa3
19.Ba2b1 Nc6b4
20.Nf3g5 Qa3xg3
21.fxg3 d5
22.exd5 Bb7xd5
23.h5 h6
24.Ng5xf7 Rc8xc1
25.Rf1xc1 Kxf7
26.Bb1xg6 Kf6
27.Rc1f1 Ke7
28.Ne2d4 Rf8xf1
29.Kxf1 Kd6
30.Nd4e2 a5
31.Bg6e8 Bd5c4
32.Kf2 Kc5
33.Be8a4 Nb4d3
34.Ke3 Nd3b2
35.Ba4c2 Kb4
36.Ne2d4 Kc3
{ resign }
0-1

[Event "Tourn. n8470"]
[Site "www.chess-mail.com"]
[Date "2015.11.28"]
[Round "1"]
[White "Roque1"]
[Black "Osmundw"]
[WhiteElo "1640"]
[BlackElo "1559"]
[Result "1-0"]
[Round "1"]
1.e4 c6
2.Ng1f3 d5
3.exd5 cxd5
4.d4 Qd8c7
5.Nb1c3 f6
6.Nc3xd5 Qc7a5
7.Nd5c3 e5
8.Nf3xe5 fxe5
9.Qd1h5 g6
10.Bf1b5 Bc8d7
11.Qh5xe5 Kd8
12.O-O Bd7xb5
13.Nc3xb5 Nb8c6
14.Qe5xh8 Qa5xb5
15.Qh8xg8 Nc6xd4
16.Qg8xf8 Kd7
17.Qf8xa8 Qb5e2
18.Qa8xb7 Ke8
19.Bc1g5 Qe2xc2
20.Qb7e7 
1-0

[Event "Match"]
[Site "www.echecsemail.com"]
[Date "2015.11.28"]
[Round "1"]
[White "Fanny33"]
[Black "Manolinex"]
[WhiteElo "2740"]
[BlackElo "2870"]
[Result "1/2-1/2"]
[Round "1"]
1.e4 e5
2.Bf1c4 Ng8f6
3.d3 c6
4.Ng1f3 d5
5.Bc4b3 Bf8d6
6.exd5 cxd5
7.Bc1g5 Bc8e6
8.Nb1c3 Bd6b4
9.O-O Nb8c6
10.Qd1e2 Bb4xc3
11.bxc3 Qd8d6
12.Rf1e1 Nf6d7
13.Bg5h4 O-O
14.Bh4g3 Qd6a3
15.Nf3xe5 Nd7xe5
16.Bg3xe5 a5
17.Qe2e3 Nc6xe5
18.Qe3xe5 Rf8d8
19.f4 a4
20.f5 Be6xf5
21.Qe5xf5 axb3
22.cxb3 Qa3c5
23.Kh1 Qc5xc3
24.Ra1c1 Qc3b2
25.Rc1c7 Rd8f8
26.Re1f1 Qb2e2
27.Kg1 g6
28.Qf5xd5 Ra8xa2
29.h3 b5
30.b4 Qe2e3
31.Kh2 Ra2f2
32.Rf1xf2 Qe3xf2
33.Qd5e5 Rf8d8
34.Rc7e7 Qf2f5
35.Qe5xf5 gxf5
36.Re7e5 f4
{ draw }
1/2-1/2

[Event "Match"]
[Site "www.echecsemail.com"]
[Date "2015.11.28"]
[Round "1"]
[White "Hardland"]
[Black "Goosebumps"]
[WhiteElo "1700"]
[BlackElo "1699"]
[Result "0-1"]
[Round "1"]
1.c4 e5
2.Nb1c3 Bf8c5
3.Ng1f3 Nb8c6
4.g3 Ng8f6
5.Bf1g2 d5
6.cxd5 Nf6xd5
7.O-O Bc8e6
8.a3 O-O
9.b4 Bc5d6
10.d3 Nd5xc3
11.Qd1c2 Nc3d5
12.Bc1b2 Qd8d7
13.Rf1d1 Be6h3
14.Nf3g5 Bh3xg2
15.Kxg2 Nc6e7
16.d4 Ne7f5
17.e4 Nf5e3
18.fxe3 Nd5xe3
19.Kh1 Ne3xc2
20.Ra1c1 Nc2xd4
21.Bb2xd4 exd4
22.Rd1xd4 Qd7g4
23.Rd4d5 h6
24.h3 Qg4xg3
25.Rc1c2 hxg5
26.Rc2g2 Qg3e1
27.Rg2g1 { time. }
0-1

[Event "Match"]
[Site "www.echecsemail.com"]
[Date "2015.11.28"]
[Round "1"]
[White "Gambitmiau"]
[Black "Hardland"]
[WhiteElo "1820"]
[BlackElo "1710"]
[Result "0-1"]
[Round "1"]
1.e4 c5
2.Ng1f3 Nb8c6
3.Bf1b5 Ng8f6
4.d3 g6
5.Bb5xc6 bxc6
6.Bc1e3 Bf8g7
7.c3 O-O
8.h3 Ra8b8
9.b3 d5
10.O-O a5
11.e5 Nf6d7
12.d4 cxd4
13.cxd4 Bc8a6
14.Rf1e1 Rf8e8
15.Nb1c3 Nd7f8
16.Be3f4 Nf8e6
17.Nc3a4 Ne6xf4
18.Na4c5 Qd8b6
19.Nc5d7 Qb6b4
20.Nd7xb8 Re8xb8
21.Ra1c1 Rb8b6
22.Nf3g5 Bg7h6
23.Ng5f3 Ba6e2
24.Qd1c2 Be2xf3
25.gxf3 Nf4xh3
26.Kg2 Bh6xc1
27.Qc2xc1 Nh3f4
28.Kf1 Nf4d3
29.Qc1e3 Nd3xe1
30.Qe3xe1 Qb4xe1
31.Kxe1 h5
32.f4 Rb6b4
33.Ke2 Rb4xd4
34.Ke3 Rd4b4
{ resign }
0-1

[Event "Match"]
[Site "www.echecsemail.com"]
[Date "2015.11.28"]
[Round "1"]
[White "Tictac"]
[Black "Micheles"]
[WhiteElo "1499"]
[BlackElo "2540"]
[Result "1-0"]
[Round "1"]
1.d4 Ng8f6
2.c4 g6
3.Nb1c3 d5
4.cxd5 Nf6xd5
5.e4 Nd5xc3
6.bxc3 Bf8g7
7.Bf1c4 c5
8.Ng1e2 Nb8c6
9.Bc1e3 O-O
10.O-O Qd8c7
11.Ra1c1 Rf8d8
12.Be3f4 Bg7e5
13.Bf4xe5 Nc6xe5
14.Bc4b3 Ne5g4
15.Ne2g3 Qc7f4
16.Qd1e1 b6
17.h3 Ng4f6
18.e5 Nf6d5
19.Bb3xd5 Rd8xd5
20.c4 Rd5d8
21.d5 a6
22.Qe1e4 Qf4xe4
23.Ng3xe4 Bc8f5
24.f3 Ra8b8
25.g4 Bf5xe4
26.fxe4 b5
27.cxb5 Rb8xb5
28.Rc1c4 Kg7
29.Kg2 Rd8c8
30.g5 a5
31.h4 Rb5b4
32.Rf1c1 h6
33.Kg3 hxg5
34.hxg5 Kf8
35.Kf3 Rb4xc4
36.Rc1xc4 Ke8
37.Rc4c2 a4
38.Rc2h2 Kd7
39.Ke3 c4
40.Rh2c2 Rc8h8
41.Kd4 Rh8h3
42.Rc2xc4 Rh3a3
43.Rc4c2 Ra3g3
44.Rc2f2 Ke8
45.Rf2b2 Rg3xg5
46.Rb2b8 Kd7
47.Rb8f8 Rg5g2
48.Rf8xf7 Ke8
49.Rf7h7 Rg2d2
50.Ke3 Rd2xa2
51.e6 Kf8
52.Rh7h8 Kg7
53.d6 { resign }
1-0

[Event "Match"]
[Site "www.echecsemail.com"]
[Date "2015.11.28"]
[Round "1"]
[White "Sebolix"]
[Black "Nimzo"]
[WhiteElo "2660"]
[BlackElo "2800"]
[Result "1/2-1/2"]
[Round "1"]
1.e4 e6
2.d4 d5
3.e5 c5
4.c3 Qd8b6
5.Ng1f3 Nb8c6
6.a3 Bc8d7
7.b4 cxd4
8.cxd4 Ra8c8
9.Bc1b2 Ng8e7
10.Nb1c3 Nc6a5
11.Nc3a4 Qb6c6
12.Na4c5 Na5c4
13.Bb2c1 b6
14.Nc5xd7 Qc6xd7
15.Bf1d3 b5
16.O-O Ne7c6
17.Bd3c2 Bf8e7
18.Qd1d3 Rc8a8
19.Bc1d2 a5
20.bxa5 Nc4xd2
21.Nf3xd2 Nc6xa5
22.Rf1b1 Na5c4
23.g3 Ra8xa3
24.Ra1xa3 Nc4xa3
25.Bc2a4 O-O
26.Ba4xb5 Qd7a7
27.Rb1b3 Rf8b8
28.Nd2f3 h6
29.Kg2 Qa7a5
{ draw }
1/2-1/2

[Event "Match"]
[Site "www.echecsemail.com"]
[Date "2015.11.28"]
[Round "1"]
[White "Krystek23"]
[Black "Goofy"]
[WhiteElo "2360"]
[BlackElo "2220"]
[Result "0-1"]
[Round "1"]
1.Ng1f3 e6
2.d4 f5
3.g3 Ng8f6
4.Bf1g2 Bf8e7
5.c4 O-O
6.Nb1c3 d6
7.h3 Nf6e4
8.Bc1e3 Ne4xc3
9.bxc3 Be7f6
10.O-O Nb8c6
11.Ra1b1 e5
12.d5 Nc6b8
 { time }
0-1

[Event "Match"]
[Site "www.echecsemail.com"]
[Date "2015.11.28"]
[Round "1"]
[White "Mitja"]
[Black "Zacky"]
[WhiteElo "2020"]
[BlackElo "1810"]
[Result "1-0"]
[Round "1"]
1.d4 d5
2.e3 e6
3.Ng1f3 c6
4.c3 Nb8d7
5.Nb1d2 Ng8f6
6.Nd2b3 Nf6e4
7.Bf1d3 Bf8d6
8.Nb3d2 Ne4xd2
9.Qd1xd2 Nd7b6
{ time. }
1-0

[Event "Match"]
[Site "www.echecsemail.com"]
[Date "2015.11.28"]
[Round "1"]
[White "Billyg"]
[Black "Redabond"]
[WhiteElo "1640"]
[BlackElo "1660"]
[Result "1-0"]
[Round "1"]
1.e4 e5
2.Ng1f3 Nb8c6
3.d4 exd4
4.Nf3xd4 Nc6xd4
5.Qd1xd4 Qd8f6
6.Qd4xf6 Ng8xf6
7.Bf1d3 Bf8c5
8.O-O O-O
9.Nb1c3 Rf8e8
10.Bc1f4 Bc5d4
11.Nc3b5 Bd4b6
12.Bf4e3 Nf6xe4
13.Be3xb6 Re8e5
14.Bb6xc7 Re5xb5
15.Bd3xe4 d5
16.Be4d3 g6
17.Bd3xb5 a6
18.Bb5d3 Bc8e6
19.Rf1e1 Ra8c8
20.Bc7e5 Kf8
21.b3 Ke7
22.Re1c1 f6
23.Be5d4 f5
24.c4 dxc4
25.Bd3xc4 Rc8d8
26.Bd4c5 Kf6
27.Bc4xe6 Kxe6
28.Rc1e1 Kf7
29.Re1e7 { resign }
1-0